|
|
|
|
| LEADER |
01907nam a2200373 u 4500 |
| 001 |
10090261 |
| 003 |
upatras |
| 005 |
20210224093146.0 |
| 008 |
110725m19841989uk eng |
| 952 |
|
|
|0 0
|1 0
|3 v.1
|4 0
|6 887_600000000000000_BAR
|7 0
|9 98141
|a THST
|b THST
|d 2016-04-24
|i 10079
|l 0
|o 887.6 BAR
|p 025000137225
|r 2016-04-24 00:00:00
|t 1
|w 2016-04-24
|y BK15
|
| 952 |
|
|
|0 0
|1 0
|3 v.2
|4 0
|6 887_600000000000000_BAR
|7 0
|9 98142
|a THST
|b THST
|d 2016-04-24
|i 08952
|l 0
|o 887.6 BAR
|p 025000137226
|r 2016-04-24 00:00:00
|t 1
|w 2016-04-24
|y BK15
|
| 999 |
|
|
|c 65961
|d 65961
|
| 020 |
|
|
|a 0521235936
|q ((v. 1))
|
| 020 |
|
|
|a 052130220X
|q ((v. 2))
|
| 040 |
|
|
|a ΠΑΝΕΠΙΣΤΗΜΙΟ ΠΑΤΡΑΣ
|c ΠΑΝΕΠΙΣΤΗΜΙΟ ΠΑΤΡΑΣ
|
| 041 |
0 |
|
|a eng
|
| 082 |
0 |
4 |
|a 887.6
|
| 245 |
1 |
0 |
|a Greek musical writings
|h [Printed text]
|c edited by Andrew Barker
|
| 260 |
|
|
|a Cambridge
|a New York
|b Cambridge University Press
|c 1984-1989
|
| 300 |
|
|
|a 2 v.
|b ill.
|c 24 cm.
|
| 490 |
0 |
|
|a Cambridge readings in the literature of music
|
| 500 |
|
|
|a Includes translations from the Classical Greek.
|
| 504 |
|
|
|a Includes bibliographical references and index.
|
| 505 |
0 |
|
|a Vol. 1. The Musician and his art
|a v. 2. Harmonic and acoustic theory
|
| 650 |
|
4 |
|a Μουσική, Ελληνική και ρωμαϊκή
|x Ιστορία και κριτική
|9 79256
|
| 650 |
|
4 |
|a Μουσική θεωρία
|y Μέχρι το 500
|9 93540
|
| 650 |
|
4 |
|a Μουσική
|x Ιστορία
|z Ελλάδα
|9 88929
|
| 650 |
|
4 |
|a Μουσική
|x Πηγές
|y Μέχρι το 500
|9 93542
|
| 700 |
1 |
|
|a Barker, Andrew
|d 1943-
|4 edt
|9 93543
|
| 760 |
1 |
|
|a Cambridge readings in the literature of music
|
| 852 |
|
|
|a GR-PaULI
|b ΠΑΤΡΑ
|b ΘΕΑΤΡΟΛΟΓΙΑ
|k ΑΣΧΞ-3
|h 887.6 BAR
|m 10079
|p 025000137225
|t 1
|3 v.1
|
| 852 |
|
|
|a GR-PaULI
|b ΠΑΤΡΑ
|b ΘΕΑΤΡΟΛΟΓΙΑ
|k ΑΣΧΞ-3
|h 887.6 BAR
|m 08952
|p 025000137226
|t 1
|3 v.2
|
| 942 |
|
|
|2 ddc
|c BK15
|
| 998 |
|
|
|c ΜΑΝΙΑ
|d 2011-07
|